000 00326nam a22001217a 4500
008 160503b xxu||||| |||| 00| 0 eng d
020 _a9780071446877
020 _a0071446877
041 _aeng
080 _a61
245 _aScbwartzs Principles of surgery:
_cMary L. Brandt; Dana K. Andersen; John G. Hunter;
942 _2udc
_cBK
999 _c1751
_d1751